[Event "Corbins Lleida Nadal op"]
[Site "Corbins"]
[Date "2023.12.27"]
[Round "1"]
[White "Sanuy Moncasi, Albert"]
[Black "Falguera Riu, Mateu"]
[Result "1-0"]
[WhiteElo "1967"]
[BlackElo "1519"]
[PlyCount "65"]
[EventDate "2023.12.27"]
[EventType "swiss"]
[EventRounds "8"]
[EventCountry "ESP"]
[SourceTitle "CB02_2024"]
[SourceDate "2024.01.10"]
[SourceVersion "1"]
[SourceVersionDate "2024.01.10"]
[SourceQuality "1"]

1. d4 Nf6 2. Bf4 e6 3. Nc3 c5 4. e3 b6 5. Nb5 d6 6. c3 a6 7. Na3 Bb7 8. Nf3 Nbd7 9. h3 cxd4 10. exd4 Be7 11. Be2 0-0 12. 0-0 Re8 13. Re1 Bf8 14. Bf1 Qc7 15. Rc1 e5 16. dxe5 dxe5 17. Be3 Rad8 18. Nb1 Nc5 19. Nbd2 Nd3 20. Bxd3 Rxd3 21. Qb3 Nd5 22. Qc2 Rxe3 23. fxe3 Nxe3 24. Rxe3 Bc5 25. Nd4 Qd7 26. Rce1 Qd5 27. N2b3 Bxd4 28. cxd4 Rc8 29. Rxe5 Qc6 30. Qxc6 Bxc6 31. Rc1 h6 32. d5 Bd7 33. Rxc8+ 1-0

[Event "Vallfogona de Balaguer Farre Mem 2nd"]
[Site "Vallfogona de Balaguer"]
[Date "2023.04.22"]
[Round "2"]
[White "Vidal Rosell, Jose"]
[Black "Sanuy Moncasi, Albert"]
[Result "0-1"]
[WhiteElo "1671"]
[BlackElo "1962"]
[PlyCount "52"]
[EventDate "2023.04.15"]
[EventType "swiss"]
[EventRounds "8"]
[EventCountry "ESP"]
[SourceTitle "EXT 2024"]
[Source "ChessBase"]
[SourceDate "2023.10.10"]
[SourceVersion "1"]
[SourceVersionDate "2023.10.10"]
[SourceQuality "1"]

1. e4 c6 2. f4 d6 3. Nf3 Bg4 4. d4 g6 5. Be3 Bg7 6. c3 Nd7 7. Nbd2 Ngf6 8. Bd3 Qc7 9. 0-0 0-0 10. h3 Bxf3 11. Qxf3 c5 12. e5 Ne8 13. Be4 Rb8 14. Rac1 e6 15. Bb1 d5 16. dxc5 Nxc5 17. b4 Nd7 18. Bxa7 Rc8 19. Nb3 b6 20. Bxb6 Qxb6+ 21. Kh2 f6 22. exf6 Nexf6 23. a4 Nh5 24. g3 Qd6 25. Rfd1 Bh6 26. Kh1 Nxg3+ 0-1

[Event "Barcelona Lleida op"]
[Site "Barcelona"]
[Date "2019.04.27"]
[Round "2.9"]
[White "Miralles Rullo, Jose"]
[Black "Sanuy Moncasi, Albert"]
[Result "0-1"]
[WhiteElo "1577"]
[BlackElo "1938"]
[PlyCount "110"]
[EventDate "2019.04.06"]
[EventType "swiss"]
[EventRounds "9"]
[EventCountry "ESP"]
[SourceTitle "EXT 2024"]
[Source "ChessBase"]
[SourceDate "2023.10.10"]
[SourceVersion "1"]
[SourceVersionDate "2023.10.10"]
[SourceQuality "1"]

1. d4 Nf6 2. c4 g6 3. Nc3 d5 4. e3 Bg7 5. Nf3 0-0 6. b3 Bg4 7. Be2 c6 8. h3 Bxf3 9. Bxf3 Re8 10. 0-0 e6 11. Rb1 Na6 12. Re1 Nc7 13. Bb2 a6 14. e4 dxe4 15. Nxe4 Nxe4 16. Bxe4 Rc8 17. Bf3 Re7 18. d5 exd5 19. Rxe7 Qxe7 20. Bxg7 Kxg7 21. Qd2 dxc4 22. bxc4 Ne6 23. Qc3+ Kg8 24. Re1 Re8 25. Bd1 Qd8 26. c5 Ng7 27. Rxe8+ Nxe8 28. Bb3 Qe7 29. Qd4 Nf6 30. Qd6 Qxd6 31. cxd6 Kf8 32. g4 Nd5 33. Kg2 Ke8 34. Kf3 Kd7 35. Ke4 Kxd6 36. g5 f5+ 37. gxf6 Nxf6+ 38. Kf4 h6 39. h4 Nd5+ 40. Ke4 b5 41. f4 a5 42. Kf3 c5 43. Bc2 Ne7 44. Kg4 Ke6 45. h5 gxh5+ 46. Kxh5 Kf6 47. Kxh6 Nd5 48. Kh5 Nxf4+ 49. Kg4 Ke5 50. Kf3 Nd5 51. a3 Kd4 52. Be4 Nc3 53. Bc2 c4 54. Kf2 b4 55. axb4 axb4 0-1

[Event "Lleida-ch"]
[Site "Bellcaire"]
[Date "2016.10.09"]
[Round "2"]
[White "Sanuy Moncasi, Albert"]
[Black "Verdes Nadal, Ramon"]
[Result "1-0"]
[WhiteElo "1941"]
[BlackElo "1974"]
[PlyCount "59"]
[EventDate "2016.10.02"]
[EventType "swiss"]
[EventRounds "9"]
[EventCountry "ESP"]
[SourceTitle "EXT 2018"]
[Source "ChessBase"]
[SourceDate "2017.10.13"]
[SourceVersion "1"]
[SourceVersionDate "2017.10.13"]
[SourceQuality "1"]

1. d4 Nf6 2. c4 d6 3. Nc3 e5 4. dxe5 dxe5 5. Qxd8+ Kxd8 6. Bg5 c6 7. 0-0-0+ Kc7 8. Nf3 Nbd7 9. Bxf6 gxf6 10. g3 Nc5 11. Nd2 Bf5 12. Nb3 Ne6 13. Bg2 Bh6+ 14. e3 Rhd8 15. Ne4 Nd4 16. Nxd4 exd4 17. f4 dxe3 18. Rhe1 Rxd1+ 19. Kxd1 Rd8+ 20. Kc1 Rd3 21. Nxf6 Bg7 22. Ne8+ Kb6 23. Nxg7 Bd7 24. Bf1 Rd2 25. Re2 Rd3 26. Kc2 Rd6 27. Rxe3 Rg6 28. Ne8 Rh6 29. h4 Rg6 30. Bd3 1-0

[Event "Lleida op"]
[Site "Lleida"]
[Date "2016.05.28"]
[Round "6.4"]
[White "Barbero Sendic, Alejandro"]
[Black "Sanuy Moncasi, Albert"]
[Result "1-0"]
[WhiteElo "2353"]
[BlackElo "1939"]
[PlyCount "85"]
[EventDate "2016.04.23"]
[EventType "swiss"]
[EventRounds "9"]
[EventCountry "ESP"]
[SourceTitle "EXT 2024"]
[Source "ChessBase"]
[SourceDate "2023.10.10"]
[SourceVersion "1"]
[SourceVersionDate "2023.10.10"]
[SourceQuality "1"]

1. d4 g6 2. e4 Bg7 3. Nc3 d6 4. Be3 a6 5. Qd2 h5 6. f4 b5 7. Bd3 Bb7 8. Nf3 Nd7 9. e5 e6 10. 0-0-0 d5 11. h3 Qe7 12. g4 0-0-0 13. f5 gxf5 14. gxf5 exf5 15. Rhg1 Qf8 16. Nh4 Bh6 17. Nxf5 Bxe3 18. Qxe3 Ne7 19. Rdf1 Kb8 20. Nxe7 Qxe7 21. Rg7 Rdf8 22. e6 Nb6 23. Rgxf7 Rxf7 24. Rxf7 Qd6 25. e7 Bc6 26. Ne2 Be8 27. Rg7 Qf6 28. Qe5 Qxe5 29. dxe5 Nd7 30. e6 Ne5 31. Nf4 c6 32. Be2 Kc7 33. Bxh5 Kd6 34. Bxe8 Rxe8 35. Rg5 c5 36. h4 Nf3 37. Rg4 d4 38. h5 Rxe7 39. Rg8 Rh7 40. Rd8+ Kc7 41. Ra8 Kb7 42. Rf8 Ne5 43. Rf5 1-0

[Event "Lleida Province-ch"]
[Site "Tornabous"]
[Date "2014.11.16"]
[Round "7"]
[White "Trepat Herranz, Joan"]
[Black "Sanuy Moncasi, Albert"]
[Result "1-0"]
[WhiteElo "2419"]
[BlackElo "2071"]
[PlyCount "82"]
[EventDate "2014.10.05"]
[EventType "swiss"]
[EventRounds "9"]
[EventCountry "ESP"]
[SourceTitle "CBM 163 Extra"]
[Source "ChessBase"]
[SourceDate "2014.12.23"]
[SourceVersion "1"]
[SourceVersionDate "2014.12.23"]
[SourceQuality "1"]

1. e4 d6 2. d4 Nf6 3. Nd2 c6 4. Ngf3 g6 5. Bd3 Bg7 6. 0-0 0-0 7. h3 Nbd7 8. Re1 e5 9. c3 Nh5 10. Nc4 Qc7 11. a4 exd4 12. cxd4 Nb6 13. Ne3 a5 14. Bc2 d5 15. e5 Nf4 16. Ng4 Bxg4 17. hxg4 Ne6 18. Ra3 Qd7 19. g5 Rfc8 20. Rc3 Rc7 21. Nh2 Rac8 22. Ng4 c5 23. dxc5 Rxc5 24. Rxc5 Rxc5 25. Nf6+ Bxf6 26. gxf6 Qc6 27. Bb3 Nc4 28. Bxc4 Rxc4 29. b3 Rc2 30. Bh6 Qc5 31. Re2 Rxe2 32. Qxe2 Qc3 33. f4 Nd4 34. Qd1 Qe3+ 35. Kh2 Qf2 36. Qg4 Nf5 37. Bg5 h6 38. e6 fxe6 39. Bxh6 Qh4+ 40. Qxh4 Nxh4 41. Bg5 Kf7 1-0

[Event "Lleida Province-ch"]
[Site "Tornabous"]
[Date "2014.11.02"]
[Round "5"]
[White "Sanuy Moncasi, Albert"]
[Black "Sole Pijuan, Ferran"]
[Result "1/2-1/2"]
[WhiteElo "2071"]
[BlackElo "2015"]
[PlyCount "102"]
[EventDate "2014.10.05"]
[EventType "swiss"]
[EventRounds "9"]
[EventCountry "ESP"]
[SourceTitle "CBM 163 Extra"]
[Source "ChessBase"]
[SourceDate "2014.12.23"]
[SourceVersion "1"]
[SourceVersionDate "2014.12.23"]
[SourceQuality "1"]

1. d4 d5 2. Nf3 Nf6 3. c3 c6 4. h3 Bf5 5. Nbd2 Nbd7 6. Nh4 Bg6 7. Nxg6 hxg6 8. Nf3 Qc7 9. a4 e6 10. e3 Bd6 11. Bd3 0-0 12. 0-0 e5 13. dxe5 Nxe5 14. Nxe5 Bxe5 15. Qc2 Rfe8 16. b3 Rad8 17. Bb2 Qd6 18. f4 Bxc3 19. Bxc3 Rxe3 20. Bd4 Ree8 21. Bxa7 Ne4 22. Rae1 Ng3 23. Rxe8+ Rxe8 24. Rf3 Nh5 25. Qf2 Qb4 26. Bf1 Re4 27. g3 Nf6 28. Re3 Qe7 29. Bg2 Rxe3 30. Qxe3 Qa3 31. Kh2 Qa2 32. Bd4 Ne4 33. h4 f5 34. Kh3 Qb1 35. Qf3 Qc2 36. Qe3 Qb1 37. Kh2 Qc2 38. Bb6 c5 39. Qf3 d4 40. h5 gxh5 41. Qxh5 Qxb3 42. Bxe4 fxe4 43. Qe8+ Kh7 44. Qxe4+ Kg8 45. Qe8+ Kh7 46. Bd8 Qc2+ 47. Kh3 Qf5+ 48. Kg2 d3 49. Bg5 d2 50. Qh5+ Kg8 51. Qe8+ Kh7 1/2-1/2

[Event "Vallfogona Hostal Nou op"]
[Site "Vallfogona de Balaguer"]
[Date "2014.06.07"]
[Round "7"]
[White "Badia Torra, Jaume"]
[Black "Sanuy Moncasi, Albert"]
[Result "0-1"]
[WhiteElo "2010"]
[BlackElo "2076"]
[PlyCount "64"]
[EventDate "2014.04.26"]
[EventType "swiss"]
[EventRounds "8"]
[EventCountry "ESP"]
[SourceTitle "EXT 2015"]
[Source "ChessBase"]
[SourceDate "2014.11.20"]
[SourceVersion "1"]
[SourceVersionDate "2014.11.20"]
[SourceQuality "1"]

1. c4 Nf6 2. Nc3 g6 3. g3 Bg7 4. Bg2 c6 5. d4 0-0 6. e3 d5 7. b3 Bf5 8. Nf3 Re8 9. 0-0 Ne4 10. Bb2 Nxc3 11. Bxc3 Be4 12. Rc1 Nd7 13. Ne1 Bxg2 14. Kxg2 e6 15. Nd3 h5 16. Qe2 Bh6 17. Rce1 f5 18. f3 dxc4 19. bxc4 Bg7 20. Qb2 Qc7 21. e4 Kh7 22. e5 Rab8 23. Bb4 Bf8 24. Bxf8 Nxf8 25. Qa3 Red8 26. d5 cxd5 27. cxd5 Rxd5 28. Rc1 Qd7 29. Rc3 Rd8 30. Nc5 Rd2+ 31. Kh3 Qb5 32. Rfc1 Qe2 0-1

[Event "Lleida Province-ch"]
[Site "Lleida"]
[Date "2012.11.04"]
[Round "6"]
[White "Sanuy Moncasi, Albert"]
[Black "Ferrer Font, Jordi"]
[Result "1/2-1/2"]
[WhiteElo "1968"]
[BlackElo "1798"]
[PlyCount "60"]
[EventDate "2012.10.07"]
[EventType "swiss"]
[EventRounds "9"]
[EventCountry "ESP"]
[SourceTitle "EXT 2015"]
[Source "ChessBase"]
[SourceDate "2014.11.20"]
[SourceVersion "1"]
[SourceVersionDate "2014.11.20"]
[SourceQuality "1"]

1. Nf3 d5 2. d4 Nf6 3. c3 c6 4. Nbd2 Bg4 5. Ne5 Bf5 6. f3 Nbd7 7. g4 Be6 8. h3 Nxe5 9. dxe5 Qc7 10. f4 Ne4 11. Nf3 0-0-0 12. Be3 f5 13. Nd4 Bf7 14. gxf5 g5 15. Bg2 Bh6 16. Qc1 gxf4 17. Bxf4 Bxf4 18. Qxf4 Qb6 19. 0-0-0 Qa6 20. Bxe4 dxe4 21. e6 Bh5 22. Qxe4 Qxa2 23. Nc2 Qa6 24. Qh4 Qxe2 25. Rde1 Qd2+ 26. Kb1 Bf3 27. Rhf1 Qd5 28. Nd4 Bg2 29. Rf2 c5 30. Nc2 Rhg8 1/2-1/2

[Event "Lleida Province-ch"]
[Site "Lleida"]
[Date "2012.10.07"]
[Round "1"]
[White "Sanuy Moncasi, Albert"]
[Black "Torrelles Hornos, Robert"]
[Result "1-0"]
[WhiteElo "1968"]
[BlackElo "1785"]
[PlyCount "43"]
[EventDate "2012.10.07"]
[EventType "swiss"]
[EventRounds "9"]
[EventCountry "ESP"]
[SourceTitle "EXT 2015"]
[Source "ChessBase"]
[SourceDate "2014.11.20"]
[SourceVersion "1"]
[SourceVersionDate "2014.11.20"]
[SourceQuality "1"]

1. e4 g6 2. d4 Bg7 3. c3 d6 4. f4 a6 5. Nf3 Bg4 6. Bc4 Bxf3 7. Qxf3 c6 8. 0-0 Nh6 9. g4 Qb6 10. g5 Ng8 11. f5 f6 12. Rf2 Nd7 13. Be3 0-0-0 14. Be6 fxg5 15. d5 c5 16. Na3 Ngf6 17. b4 g4 18. Qg2 Qc7 19. bxc5 Qa5 20. Nc4 Qxc3 21. Rc1 Qb4 22. Rb2 1-0